El leviathan en la teoría del estado de Thomas Hobbes.

שמור ב:
מידע ביבליוגרפי
מחבר ראשי: Schmitt, Karl (autor)
מחברים אחרים: Agurto Gonzáles, Carlos Antonio (coordinador general), Quequejana Mamani, Sonia Lidia (coordinadora general), Choque Cuenca, Benigno (coordinador general)
פורמט: ספר
יצא לאור: Santiago, Chile: Ediciones Olejnik, 2024.
מהדורה:Primera edición en ediciones Olejnik.
סדרה:Biblioteca de Filosofía del Derecho.
נושאים:
תגים: הוספת תג
אין תגיות, היה/י הראשונ/ה לתייג את הרשומה!

MARC

LEADER 00000nam a22000007a 4500
003 CL-VaPUC
005 20250331161846.0
008 250325t2024 ||||| |||| 00| 0 spa d
999 |c 447663  |d 447661 
020 |a 978-956-407-549-5 
040 |c Pontificia Universidad Católica de Valparaíso 
082 7 |2 22  |a 320.1 SCH 2024 
100 1 |a Schmitt, Karl  |e autor  |9 481128 
245 1 3 |a El leviathan en la teoría del estado de Thomas Hobbes.  
250 |a Primera edición en ediciones Olejnik. 
260 |a Santiago, Chile:  |b Ediciones Olejnik,   |c 2024. 
300 |a 86 páginas.  
490 |a Biblioteca de Filosofía del Derecho. 
500 |a c.1. Donación Rectoría 20-1-2025. 
583 |c 20250325  |k GC 
600 0 |a Hobbes, Thomas  |9 871810  |d 1588-1679  |t Leviatán  
650 |a Ciencias políticas   |9 897558 
700 |a Agurto Gonzáles, Carlos Antonio  |e coordinador general  |9 897559 
700 |a Quequejana Mamani, Sonia Lidia  |e coordinadora general  |9 897556 
700 |a Choque Cuenca, Benigno   |e coordinador general  |9 897560 
942 |2 ddc  |c BK 
952 |0 0  |1 0  |2 ddc  |4 0  |6 320_100000000000000_SCH_2024  |7 0  |8 A  |9 601894  |a BIBDER  |b BIBDER  |d 2025-03-25  |e Donación   |i 5666772  |o 320.1 SCH 2024  |p 5666772  |r 2025-03-25  |t 1  |w 2025-03-25  |y BK  |k DER